000 00700nam a2200205 a 4500
005 20171121101406.0
008 140220b1995 gt d||||r|||| 00| 0 spa d
040 _aCO-BoIAVH
_cCO-BoIAVH
041 0 _aspa
044 _agt
082 0 4 _a344.042
_bG81r
110 2 _aGreenpeace Centroamerica
245 1 0 _aRecomendaciones para la homogenización de normas de bioseguridad en Centroamérica
260 _aGuatemala :
_bGreenpeace International Publications,
_c1995.
300 _a13 páginas :
_btablas ;
_c28 x 22 cm.
650 2 6 _aBioseguridad
_xPolítica ambiental
650 2 6 _aBioseguridad
_xGenética
650 2 6 _aBioseguridad
_xLegislación
942 _cLIBRO
_2ddc
999 _c342
_d342